| 000 | 01564nam a2200385Ia 4500 | ||
|---|---|---|---|
| 001 | DIGCIDOB094 | ||
| 003 | NyNyDIG | ||
| 006 | m o d | ||
| 007 | cr ||||||||||| | ||
| 008 | 150101s2010 sp ob 000 0 cat d | ||
| 035 | _a(OCoLC)1335126137 | ||
| 040 |
_aDGITA _beng _erda _epn _cDGITA |
||
| 043 |
_ae------ _ae-sp--- |
||
| 050 | 1 | 4 | _aHC240.25.S7 |
| 100 | 1 |
_aBadia, Francesc, _eauthor. |
|
| 245 | 1 | 0 |
_aGoverns subestatals en l'acció exterior : _butopia i realitat a Catalunya / _cFrancesc Badia i Dalmases. |
| 264 | 1 |
_aBarcelona : _bFundació CIDOB, Barcelona Centre for International Affairs, _c2010. |
|
| 300 | _a1 online resource (64 pages) | ||
| 336 |
_atext _btxt _2rdacontent |
||
| 337 |
_acomputer _bc _2rdamedia |
||
| 338 |
_aonline resource _bcr _2rdacarrier |
||
| 490 | 1 |
_aDocumentos CIDOB. _aEuropa ; _v7 |
|
| 504 | _aIncludes bibliographical references. | ||
| 588 | _aDescription based on online resource; title from PDF title page (Digitalia, viewed December 5, 2014) | ||
| 650 | 0 |
_aCentral-local government relations _zEuropean Union countries. |
|
| 651 | 0 |
_aEuropean Union countries _xRelations _zCatalonia (Spain) |
|
| 651 | 0 |
_aCatalonia (Spain) _xRelations _zEuropean Union countries. |
|
| 655 | 7 |
_aPeriodicals. _2lcgft |
|
| 710 | 2 | _aCIDOB (Center) | |
| 793 | 0 |
_gDigitalia e-journal Collection: _aCIDOB, Barcelona |
|
| 791 | 2 |
_aDigitalia (Firm), _edistributor. |
|
| 830 | 0 |
_aDocumentos CIDOB. _pEuropa, _x1886-2829 ; _v7. |
|
| 856 | 4 | 0 |
_3Digitalia Hispánica _uhttps://www.digitaliapublishing.com/a/23834/ |
| 942 | _cRAA | ||
| 999 |
_c237978 _d237978 |
||